The Delta Survey workshop : proceedings from conferences held in Alexandria (2017) and Mansoura (2019) /
This volume comprises the proceedings of two conferences organised by the Delta Survey Project held in Alexandria in 2017 and Mansoura in 2019. The papers contain the results of the latest fieldwork from the Nile Delta and Sinai.
مؤلف مشترك:
مؤلفون آخرون: ,
التنسيق: وقائع المؤتمر كتاب الكتروني
اللغة:
English
Arabic
منشور في:
Summertown, Oxford :
Archaeopress Publishing Ltd,
[2022]
سلاسل:
Archaeopress Egyptology ;
41.
الموضوعات:
الوصول للمادة أونلاين: Login to view Source
الوسوم: إضافة وسم
رقم الطلب: DT73.N54
| LEADER | 02611nam a2200529 i 4500 | ||
|---|---|---|---|
| 001 | EDZ0002868634 | ||
| 003 | StDuBDS | ||
| 005 | 20230412183420.0 | ||
| 006 | m|||||o||d|||||||| | ||
| 007 | cr ||||||||||| | ||
| 008 | 220818t20222022enkab fob 100|0|eng|d | ||
| 020 | |a 9781803272900 (PDF ebook) : |c No price | ||
| 040 | |a StDuBDS |b eng |c StDuBDS |e rda |e pn | ||
| 041 | 0 | |a eng |a ara | |
| 050 | 4 | |a DT73.N54 | |
| 082 | 0 | 4 | |a 932.1 |2 23 |
| 245 | 0 | 4 | |a The Delta Survey workshop : |b proceedings from conferences held in Alexandria (2017) and Mansoura (2019) / |c edited by Ayman Wahby, Penelope Wilson. |
| 264 | 1 | |a Summertown, Oxford : |b Archaeopress Publishing Ltd, |c [2022] | |
| 264 | 4 | |c ©2022 | |
| 300 | |a 1 online resource (vi, 254, 58 pages) : |b illustrations (black and white, and colour), maps (black and white, and colour). | ||
| 336 | |a text |2 rdacontent | ||
| 336 | |a still image |2 rdacontent | ||
| 336 | |a cartographic image |2 rdacontent | ||
| 337 | |a computer |2 rdamedia | ||
| 338 | |a online resource |2 rdacarrier | ||
| 490 | 1 | |a Archaeopress Egyptology ; |v 41 | |
| 500 | |a "This work is licensed under the Creative Commons Attribution-NonCommercial-NoDerivatives 4.0 International License"--Title page verso. | ||
| 504 | |a Includes bibliographical references. | ||
| 506 | 0 | |a Open access. | |
| 520 | 8 | |a This volume comprises the proceedings of two conferences organised by the Delta Survey Project held in Alexandria in 2017 and Mansoura in 2019. The papers contain the results of the latest fieldwork from the Nile Delta and Sinai. | |
| 521 | |a Specialized. | ||
| 546 | |a Text in English with some text in Arabic. | ||
| 588 | |a Description based on online resource; title from PDF title page (viewed on September 23, 2022). | ||
| 650 | 0 | |a Excavations (Archaeology) |z Egypt |z Nile River Delta |v Congresses. | |
| 650 | 0 | |a Excavations (Archaeology) |z Egypt |z Sinai |v Congresses. | |
| 651 | 0 | |a Nile River Delta (Egypt) |x Antiquities |v Congresses. | |
| 651 | 0 | |a Sinai (Egypt) |x Antiquities |v Congresses. | |
| 700 | 1 | |a Wahby, Ayman, |e editor. | |
| 700 | 1 | |a Wilson, Penelope, |e editor. | |
| 711 | 2 | 2 | |a Delta Survey Workshop |d (2017 : |c Alexandria, Egypt). |t Proceedings. |k Selections. |
| 711 | 2 | 2 | |a Delta Survey Workshop |d (2019 : |c Manṣūrah, Egypt). |t Proceedings. |k Selections. |
| 776 | 0 | 8 | |i Print version : |z 9781803272894 |
| 830 | 0 | |a Archaeopress Egyptology ; |v 41. | |
| 856 | 4 | 0 | |u http://library.arce.org:8087/Archaeopress/Products/9781803272894 |
| 942 | |2 lcc |c EBOOK | ||
| 952 | |0 0 |1 0 |4 0 |6 DT0073 N54 |7 1 |9 46992 |a ARCH |b ARCH |d 2023-04-12 |l 0 |o DT73.N54 |r 2023-04-12 00:00:00 |w 2023-04-12 |y EBOOK | ||
| 999 | |c 52650 |d 52650 | ||
